=LDR 00000nam 2200000 4500 =001 INLIS000000000016340 =005 20130612111621 =008 ***********************************Ind** =035 ##$$0010-061300000016340 =041 ##$$a Ind =082 ##$$a 372.2 =090 ##$$a 372.2, Gee m =100 ##$$a Gee, Robyn =245 ##$$a Menghibur dan mendidik anak kecil, Panduan orang tua Usborne, Robyn Gee ; alih bahasa, A. Hadyana Pudjaatmaka =260 ##$$a 1986 $b Jakarta =300 ##$$a 48 hlm., ilus, 24 cm =650 ##$$a Pendidikan dasar =650 ##$$a panduan orang tua =700 ##$$a Pujaatmaka, A. Hadyana =850 ##$$a NBPNMAT